Aktuálne trendy na slovenskom trhu práce v kontexte ekonomického vývoja
Príspevok je zameraný na identifikáciu súčasných trendov na pracovnom trhu v Slovenskej republike. Dôraz je kladený predovšetkým na obdobie globálnej ekonomickej krízy. Porovnáva sa vývoj reálneho HDP a zamestnanosti, vývoj miery zamestnanosti v SR a EÚ. Zvýšená pozornosť je venovaná kľúčovým problé...
Guardado en:
| Autor principal: | |
|---|---|
| Formato: | Capítulo de libro |
| Lenguaje: | eslovaco |
| Materias: | |
| Etiquetas: |
Sin Etiquetas, Sea el primero en etiquetar este registro!
|
MARC
| LEADER | 00000nla a2200000 4500 | ||
|---|---|---|---|
| 001 | 0170090 | ||
| 005 | 20240502072938.6 | ||
| 041 | 0 | |a slo | |
| 044 | |a SK | ||
| 245 | 1 | 0 | |a Aktuálne trendy na slovenskom trhu práce v kontexte ekonomického vývoja |c Roman Klimko |
| 520 | |a Príspevok je zameraný na identifikáciu súčasných trendov na pracovnom trhu v Slovenskej republike. Dôraz je kladený predovšetkým na obdobie globálnej ekonomickej krízy. Porovnáva sa vývoj reálneho HDP a zamestnanosti, vývoj miery zamestnanosti v SR a EÚ. Zvýšená pozornosť je venovaná kľúčovým problémom vyskytujúcim sa v podmienkach trhu práce v SR. | ||
| 610 | 2 | 0 | |a trh práce |
| 610 | 2 | 0 | |a Slovensko |
| 610 | 2 | 0 | |a miera zamestnanosti |
| 610 | 2 | 0 | |a Európska únia |
| 610 | 2 | 0 | |a kríza hospodárska |
| 100 | 1 | |a Klimko, Roman, 1985- | |